[Event "Montreal Mercredi 10"]
[Site "Montreal"]
[Date "2016.10.12"]
[Round "1"]
[White "Esterez, Emmanuel"]
[Black "Rondon, Luciano"]
[Result "1-0"]
[WhiteElo "1919"]
[BlackElo "1881"]
[PlyCount "87"]
[EventDate "2016.10.12"]
[EventType "swiss"]
[EventRounds "5"]
[EventCountry "CAN"]
[SourceTitle "EXT 2022"]
[Source "ChessBase"]
[SourceDate "2021.10.06"]
[SourceVersion "1"]
[SourceVersionDate "2021.10.06"]
[SourceQuality "1"]

1. e4 c5 2. Nf3 d6 3. c3 Nf6 4. Bd3 Nc6 5. Bc2 Bg4 6. d3 g6 7. Nbd2 Bg7 8. h3 Bd7 9. Nf1 0-0 10. Ne3 Ne5 11. 0-0 Bc6 12. Ne1 Rc8 13. f4 Ned7 14. a4 e5 15. f5 d5 16. Qf3 d4 17. Ng4 Nxg4 18. hxg4 Qb6 19. a5 Qd8 20. Qh3 g5 21. Kf2 h6 22. Rh1 f6 23. Bb3+ Kh7 24. Nf3 Bb5 25. Be6 Rc7 26. c4 Bc6 27. Bd2 Rh8 28. Qh5 Nf8 29. Bxg5 Be8 30. Bxf6 Qxf6 31. Qxe8 Re7 32. g5 Qxe6 33. Qxf8 Rxf8 34. fxe6 Rxe6 35. Ke2 Kg6 36. gxh6 Bxh6 37. Nh4+ Kg5 38. Nf5 Rg6 39. Raf1 Bg7 40. Rf3 Rh8 41. Rg3+ Kf6 42. Rxg6+ Kxg6 43. Rxh8 Bxh8 44. Nd6 1-0

[Event "Montreal Mercredi 05"]
[Site "Montreal"]
[Date "2016.05.18"]
[Round "2"]
[White "Rondon, Luciano"]
[Black "Nunez, Omar"]
[Result "1/2-1/2"]
[WhiteElo "1935"]
[BlackElo "1972"]
[PlyCount "44"]
[EventDate "2016.05.11"]
[EventType "swiss"]
[EventRounds "5"]
[EventCountry "CAN"]
[SourceTitle "EXT 2022"]
[Source "ChessBase"]
[SourceDate "2021.10.06"]
[SourceVersion "1"]
[SourceVersionDate "2021.10.06"]
[SourceQuality "1"]

1. d4 c5 2. d5 g6 3. c4 d6 4. Nc3 Bg7 5. e4 Na6 6. Be2 Nf6 7. f4 Nc7 8. Nf3 0-0 9. 0-0 a6 10. a4 Rb8 11. Re1 Nd7 12. Bd3 e6 13. e5 exd5 14. cxd5 Re8 15. exd6 Rxe1+ 16. Qxe1 Ne8 17. f5 Nxd6 18. fxg6 hxg6 19. Bf4 c4 20. Bxg6 fxg6 21. Qe6+ Nf7 22. Bxb8 Nde5 1/2-1/2

[Event "Montreal Mercredi 05"]
[Site "Montreal"]
[Date "2016.05.11"]
[Round "1"]
[White "Lebeau, Gilbert"]
[Black "Rondon, Luciano"]
[Result "1-0"]
[WhiteElo "2053"]
[BlackElo "1935"]
[PlyCount "87"]
[EventDate "2016.05.11"]
[EventType "swiss"]
[EventRounds "5"]
[EventCountry "CAN"]
[SourceTitle "EXT 2022"]
[Source "ChessBase"]
[SourceDate "2021.10.06"]
[SourceVersion "1"]
[SourceVersionDate "2021.10.06"]
[SourceQuality "1"]

1. d4 Nf6 2. c4 g6 3. Nc3 Bg7 4. e4 d6 5. Nf3 0-0 6. Be2 e5 7. d5 h6 8. 0-0 Nbd7 9. Ne1 Nc5 10. Qc2 a5 11. Rb1 Nfxe4 12. Nxe4 Nxe4 13. Be3 f5 14. f3 Nf6 15. Rd1 Nh5 16. c5 Nf4 17. Bc4 Qf6 18. a3 g5 19. b4 axb4 20. axb4 Ng6 21. Nd3 f4 22. Bc1 Bf5 23. Bb2 g4 24. Qe2 Qh4 25. Nf2 g3 26. Nh3 gxh2+ 27. Kh1 Bxh3 28. gxh3 Qxh3 29. Bd3 Nh4 30. Rf2 Ra2 31. Bb1 Nf5 32. Bxf5 Qxf5 33. Rxh2 Re8 34. Qg2 Re7 35. Rg1 Kh7 36. Rh4 Qf7 37. Qh2 Qxd5 38. Rxg7+ Rxg7 39. Rxh6+ Kg8 40. Rh8+ Kf7 41. Qh5+ Ke7 42. Qe8+ Kf6 43. Rh6+ Kf5 44. Qh5+ 1-0

[Event "Montreal Mercredi 04"]
[Site "Montreal"]
[Date "2014.04.09"]
[Round "2"]
[White "Dumouchel, Alain"]
[Black "Rondon, Luciano"]
[Result "1/2-1/2"]
[WhiteElo "1951"]
[BlackElo "1921"]
[PlyCount "83"]
[EventDate "2014.04.02"]
[EventType "swiss"]
[EventRounds "5"]
[EventCountry "CAN"]
[SourceTitle "EXT 2022"]
[Source "ChessBase"]
[SourceDate "2021.10.06"]
[SourceVersion "1"]
[SourceVersionDate "2021.10.06"]
[SourceQuality "1"]

1. e4 c5 2. Nf3 d6 3. d4 cxd4 4. Nxd4 Nf6 5. Nc3 a6 6. Rg1 e5 7. Nb3 Be6 8. g4 d5 9. g5 Nxe4 10. Nxe4 dxe4 11. Qxd8+ Kxd8 12. Bg2 Bf5 13. Be3 Kc7 14. 0-0-0 Nc6 15. Rge1 h6 16. gxh6 gxh6 17. Bd2 Bg4 18. Bxe4 Bxd1 19. Bxc6 Kxc6 20. Kxd1 Bg7 21. Bc3 Rad8+ 22. Ke2 Rhg8 23. Na5+ Kc7 24. Nc4 Rde8 25. Kf1 e4 26. Bxg7 Rxg7 27. f3 f5 28. Ne3 Reg8 29. Kf2 Rf7 30. f4 Rd8 31. Re2 b5 32. a3 Rd4 33. Ke1 Kd6 34. Rg2 Ke6 35. Rg8 Kf6 36. Ke2 Rfd7 37. Rf8+ Kg7 38. Rxf5 Rd2+ 39. Ke1 Rxh2 40. Re5 Rdd2 41. Rxe4 h5 42. Nf1 1/2-1/2

[Event "Montreal Mercredi 02"]
[Site "Montreal"]
[Date "2014.03.12"]
[Round "4"]
[White "Cloutier, Mathieu"]
[Black "Rondon, Luciano"]
[Result "0-1"]
[WhiteElo "2114"]
[BlackElo "1933"]
[PlyCount "64"]
[EventDate "2014.02.19"]
[EventType "swiss"]
[EventRounds "5"]
[EventCountry "CAN"]
[SourceTitle "EXT 2022"]
[Source "ChessBase"]
[SourceDate "2021.10.06"]
[SourceVersion "1"]
[SourceVersionDate "2021.10.06"]
[SourceQuality "1"]

1. e4 c5 2. Nf3 d6 3. d4 cxd4 4. Nxd4 Nc6 5. Nc3 Nf6 6. Bg5 a6 7. Qd2 e6 8. 0-0-0 Be7 9. Bxf6 gxf6 10. f4 Nxd4 11. Qxd4 Qc7 12. Be2 Qc5 13. Qd2 Bd7 14. Bf3 0-0-0 15. e5 d5 16. Rhe1 fxe5 17. Rxe5 Bc6 18. Qe1 Rhe8 19. f5 Bg5+ 20. Kb1 Bf4 21. Ne4 Qb6 22. Nf6 Bxe5 23. Qxe5 Re7 24. fxe6 fxe6 25. Bg4 Qc7 26. Bxe6+ Kb8 27. Qxc7+ Kxc7 28. Bh3 d4 29. Nh5 Rf7 30. g3 Bf3 31. Nf4 Bxd1 32. Ne6+ Kd7 0-1

[Event "Montreal Mercredi 11"]
[Site "Montreal"]
[Date "2013.12.11"]
[Round "5"]
[White "Brodie, Hugh"]
[Black "Rondon, Luciano"]
[Result "1/2-1/2"]
[WhiteElo "1879"]
[BlackElo "1895"]
[PlyCount "95"]
[EventDate "2013.11.13"]
[EventType "swiss"]
[EventRounds "5"]
[EventCountry "CAN"]
[SourceTitle "EXT 2022"]
[Source "ChessBase"]
[SourceDate "2021.10.06"]
[SourceVersion "1"]
[SourceVersionDate "2021.10.06"]
[SourceQuality "1"]

1. e4 c5 2. Nf3 e6 3. d4 cxd4 4. Nxd4 Nc6 5. Nc3 d6 6. Be2 Nf6 7. Be3 d5 8. exd5 Nxd5 9. Nxd5 Qxd5 10. Bf3 Qa5+ 11. c3 Bd7 12. Nxc6 Bxc6 13. Bxc6+ bxc6 14. 0-0 Be7 15. Qc2 0-0 16. b3 Bf6 17. Rac1 Rfd8 18. c4 Rd7 19. Rfd1 Rad8 20. Rxd7 Rxd7 21. Kf1 c5 22. Ke2 Bd4 23. Rd1 e5 24. Qf5 Rd8 25. Rd2 h6 26. Qg4 Bxe3 27. Rxd8+ Qxd8 28. fxe3 Qa5 29. Qc8+ Kh7 30. Qf5+ Kg8 31. Qxe5 Qxa2+ 32. Kf3 Qxb3 33. Qxc5 a5 34. Qc8+ Kh7 35. c5 Qd5+ 36. Kf2 a4 37. c6 Qd2+ 38. Kf3 Qd5+ 39. Kg3 Qe5+ 40. Kf2 a3 41. Qa6 Qb2+ 42. Kf3 a2 43. c7 a1Q 44. Qxa1 Qxa1 45. c8Q Qf1+ 46. Kg3 Qe1+ 47. Kf3 Qd1+ 48. Kf2 1/2-1/2

[Event "Montreal Mercredi 11"]
[Site "Montreal"]
[Date "2013.11.20"]
[Round "2"]
[White "Nardone, Raul"]
[Black "Rondon, Luciano"]
[Result "1/2-1/2"]
[WhiteElo "1946"]
[BlackElo "1895"]
[PlyCount "77"]
[EventDate "2013.11.13"]
[EventType "swiss"]
[EventRounds "5"]
[EventCountry "CAN"]
[SourceTitle "EXT 2022"]
[Source "ChessBase"]
[SourceDate "2021.10.06"]
[SourceVersion "1"]
[SourceVersionDate "2021.10.06"]
[SourceQuality "1"]

1. e4 e5 2. Nf3 Nc6 3. Bb5 a6 4. Ba4 Nf6 5. Qe2 b5 6. Bb3 Be7 7. 0-0 0-0 8. d3 d6 9. h3 Na5 10. Nbd2 Nh5 11. Nb1 Nxb3 12. axb3 Nf4 13. Bxf4 exf4 14. Nc3 c6 15. Nd4 Qc7 16. Qf3 g5 17. Qh5 b4 18. Nce2 d5 19. Nf3 f6 20. Ned4 Bc5 21. Rae1 dxe4 22. Rxe4 Bxd4 23. Nxd4 c5 24. Rfe1 Qf7 25. Qxf7+ Kxf7 26. Re7+ Kg6 27. Ne6 Bxe6 28. R1xe6 Rf7 29. Kf1 Rxe7 30. Rxe7 Rc8 31. Ke2 Rc6 32. Kf3 h5 33. Ke4 Rd6 34. Rc7 Re6+ 35. Kf3 Re5 36. Rc6 Kf5 37. g4+ fxg3 38. fxg3 a5 39. Ra6 1/2-1/2

[Event "Montreal Mercredi 08"]
[Site "Montreal"]
[Date "2013.09.18"]
[Round "4"]
[White "Rondon, Luciano"]
[Black "Heredia, Jose"]
[Result "1-0"]
[WhiteElo "1888"]
[BlackElo "1811"]
[PlyCount "59"]
[EventDate "2013.08.28"]
[EventType "swiss"]
[EventRounds "5"]
[EventCountry "CAN"]
[SourceTitle "EXT 2022"]
[Source "ChessBase"]
[SourceDate "2021.10.06"]
[SourceVersion "1"]
[SourceVersionDate "2021.10.06"]
[SourceQuality "1"]

1. d4 d5 2. c4 c6 3. Nc3 Nf6 4. Nf3 e6 5. Bg5 h6 6. Bh4 dxc4 7. e4 g5 8. Bg3 b5 9. a3 Bb7 10. Be2 Bg7 11. e5 Nd5 12. Ne4 Bf8 13. Nfd2 Be7 14. Nc5 Qb6 15. Nde4 Nd7 16. Nxb7 Qxb7 17. 0-0 c5 18. Nd6+ Bxd6 19. exd6 Qb6 20. dxc5 Qxc5 21. Kh1 Nf4 22. Re1 Nxe2 23. Qxe2 Qc6 24. Rad1 Nc5 25. d7+ Nxd7 26. Rd6 Qb7 27. Rxe6+ fxe6 28. Qxe6+ Kd8 29. Qe7+ Kc8 30. Qe8+ 1-0

[Event "Montreal Mercredi 08"]
[Site "Montreal"]
[Date "2013.09.11"]
[Round "3"]
[White "Dobrev, Martin"]
[Black "Rondon, Luciano"]
[Result "1-0"]
[WhiteElo "1846"]
[BlackElo "1888"]
[PlyCount "41"]
[EventDate "2013.08.28"]
[EventType "swiss"]
[EventRounds "5"]
[EventCountry "CAN"]
[SourceTitle "EXT 2022"]
[Source "ChessBase"]
[SourceDate "2021.10.06"]
[SourceVersion "1"]
[SourceVersionDate "2021.10.06"]
[SourceQuality "1"]

1. c4 e5 2. Nc3 Nc6 3. g3 g6 4. Bg2 Bg7 5. e3 d6 6. Nge2 Nge7 7. 0-0 0-0 8. a3 Be6 9. d3 a5 10. Rb1 d5 11. Qb3 dxc4 12. dxc4 Qc8 13. Nd5 Rb8 14. Bd2 b5 15. cxb5 Nxd5 16. Bxd5 Bxd5 17. Qxd5 Rd8 18. Qxc6 Rxd2 19. Nc3 Rb6 20. Qc4 Rbd6 21. Ne4 1-0

[Event "Montreal Mercredi 08"]
[Site "Montreal"]
[Date "2013.08.28"]
[Round "1"]
[White "Rondon, Luciano"]
[Black "Khudaverdian, Berj"]
[Result "1-0"]
[WhiteElo "1888"]
[BlackElo "1770"]
[PlyCount "71"]
[EventDate "2013.08.28"]
[EventType "swiss"]
[EventRounds "5"]
[EventCountry "CAN"]
[SourceTitle "EXT 2022"]
[Source "ChessBase"]
[SourceDate "2021.10.06"]
[SourceVersion "1"]
[SourceVersionDate "2021.10.06"]
[SourceQuality "1"]

1. d4 d5 2. c4 Nf6 3. cxd5 Nxd5 4. e4 Nb6 5. Nf3 g6 6. Nc3 Bg7 7. Bf4 c6 8. h3 0-0 9. Be2 N8d7 10. 0-0 Nf6 11. Qc2 Nh5 12. Be3 h6 13. Rfd1 Nf6 14. d5 cxd5 15. e5 Bf5 16. Bd3 Bxd3 17. Rxd3 Nfd7 18. Nxd5 Nxd5 19. Rxd5 e6 20. Rd3 Qe7 21. Qc7 Rfd8 22. Rad1 Rac8 23. Qxb7 Rb8 24. Qxa7 Ra8 25. Qc7 Rac8 26. Qa5 Kh7 27. Qd2 Rc7 28. b4 Bf8 29. b5 Qe8 30. a4 Be7 31. b6 Rb7 32. a5 Qf8 33. a6 Rxb6 34. Bxb6 Nxb6 35. Rxd8 Qg7 36. a7 1-0

[Event "Quebec op U2000"]
[Site "Montreal"]
[Date "2013.07.26"]
[Round "7"]
[White "Rondon, Luciano"]
[Black "Brodie, Hugh"]
[Result "1/2-1/2"]
[WhiteElo "1885"]
[BlackElo "1913"]
[PlyCount "64"]
[EventDate "2013.07.21"]
[EventType "swiss"]
[EventRounds "9"]
[EventCountry "CAN"]
[SourceTitle "EXT 2022"]
[Source "ChessBase"]
[SourceDate "2021.10.06"]
[SourceVersion "1"]
[SourceVersionDate "2021.10.06"]
[SourceQuality "1"]

1. d4 e6 2. c4 f5 3. g3 Nf6 4. Bg2 d5 5. Nh3 c6 6. Qc2 Bd6 7. 0-0 0-0 8. Bf4 Qe7 9. Bxd6 Qxd6 10. Nd2 e5 11. dxe5 Qxe5 12. Nf4 dxc4 13. Qxc4+ Kh8 14. Nf3 Qe7 15. Rfd1 Na6 16. Nh4 Qe8 17. Nf3 Nc7 18. e3 Be6 19. Nxe6 Qxe6 20. Qxe6 Nxe6 21. Nd4 Nxd4 22. Rxd4 Rad8 23. Rad1 Rxd4 24. Rxd4 g6 25. h3 Rf7 26. Kf1 c5 27. Rd6 Kg7 28. Ke2 b6 29. Kd3 Kf8 30. Rd8+ Ke7 31. Ra8 Kd6 32. Rd8+ Kc7 1/2-1/2

[Event "Montreal Mercredi 11"]
[Site "Montreal"]
[Date "2012.11.28"]
[Round "3"]
[White "Rondon, Luciano"]
[Black "Cardin, Guillaume"]
[Result "0-1"]
[WhiteElo "1945"]
[BlackElo "2034"]
[PlyCount "48"]
[EventDate "2012.11.14"]
[EventType "swiss"]
[EventRounds "5"]
[EventCountry "CAN"]
[SourceTitle "EXT 2022"]
[Source "ChessBase"]
[SourceDate "2021.10.06"]
[SourceVersion "1"]
[SourceVersionDate "2021.10.06"]
[SourceQuality "1"]

1. d4 f5 2. Nf3 Nf6 3. c4 e6 4. Nc3 Bb4 5. Bd2 b6 6. g3 Ba6 7. b3 c6 8. Bg2 d5 9. cxd5 cxd5 10. Ne5 Ba3 11. 0-0 0-0 12. Nd3 Nc6 13. Bc1 Bd6 14. Ne1 Qc7 15. Nf3 Ne4 16. Nxe4 fxe4 17. Ng5 Rae8 18. f4 Nxd4 19. Kh1 Nxe2 20. Bh3 Nc3 21. Bxe6+ Rxe6 22. Nxe6 Nxd1 23. Nxc7 Bxf1 24. Nxd5 Bc5 0-1

[Event "Montreal Mercredi 10"]
[Site "Montreal"]
[Date "2012.10.24"]
[Round "4"]
[White "Tremblay, Alain"]
[Black "Rondon, Luciano"]
[Result "0-1"]
[WhiteElo "2072"]
[BlackElo "2014"]
[PlyCount "78"]
[EventDate "2012.10.03"]
[EventType "swiss"]
[EventRounds "5"]
[EventCountry "CAN"]
[SourceTitle "EXT 2022"]
[Source "ChessBase"]
[SourceDate "2021.10.06"]
[SourceVersion "1"]
[SourceVersionDate "2021.10.06"]
[SourceQuality "1"]

1. d4 d5 2. c4 e6 3. Nc3 Nf6 4. Bg5 Be7 5. e3 0-0 6. Nf3 h6 7. Bxf6 Bxf6 8. Qb3 c6 9. Rd1 Nd7 10. Be2 dxc4 11. Bxc4 Qa5 12. 0-0 e5 13. Ne4 exd4 14. exd4 Be7 15. d5 cxd5 16. Rxd5 Qc7 17. Rd2 Nc5 18. Nxc5 Bxc5 19. Rfd1 Bg4 20. Bd5 Bb6 21. Rc2 Qe7 22. Re1 Qf6 23. h3 Bf5 24. Rce2 Ba5 25. Rd1 Bb6 26. Qb4 Rfe8 27. Red2 Bg6 28. Qg4 Rab8 29. b4 Bc7 30. Qc4 Bb6 31. a4 Rbc8 32. Qg4 Bf5 33. Qh5 Rc2 34. Rf1 Rxd2 35. Nxd2 Bd3 36. a5 Bd4 37. Nf3 Bxf1 38. Nxd4 Re1 39. Kh2 Qf4+ 0-1

[Event "Montreal Elite POM"]
[Site "Montreal"]
[Date "2012.10.07"]
[Round "4.12"]
[White "Rondon, Luciano"]
[Black "Poulin, Mathieu"]
[Result "1/2-1/2"]
[WhiteElo "2014"]
[BlackElo "2039"]
[PlyCount "62"]
[EventDate "2012.10.05"]
[EventType "swiss"]
[EventRounds "7"]
[EventCountry "CAN"]
[SourceTitle "EXT 2022"]
[Source "ChessBase"]
[SourceDate "2021.10.06"]
[SourceVersion "1"]
[SourceVersionDate "2021.10.06"]
[SourceQuality "1"]

1. d4 d5 2. c4 e6 3. Nf3 Nf6 4. Bg5 Be7 5. Nc3 h6 6. Bh4 0-0 7. e3 b6 8. Be2 dxc4 9. Bxc4 Bb7 10. 0-0 Nbd7 11. Qe2 Ne4 12. Nxe4 Bxh4 13. Ng3 Bxg3 14. hxg3 c5 15. Rfd1 Qe7 16. Bb5 Rfd8 17. Bxd7 Rxd7 18. dxc5 Rxd1+ 19. Rxd1 Qxc5 20. Qd2 Rc8 21. Qd7 Qc7 22. Ne5 Bd5 23. Qxc7 Rxc7 24. a3 f6 25. Nf3 Rc2 26. Rd2 Rxd2 27. Nxd2 Kf7 28. f3 Ke7 29. g4 Kd6 30. Kf2 Kc5 31. e4 Bc6 1/2-1/2

[Event "Quebec op"]
[Site "Montreal"]
[Date "2012.07.28"]
[Round "9"]
[White "Rondon, Luciano"]
[Black "Chiku Ratte, Olivier Kenta"]
[Result "0-1"]
[WhiteElo "1844"]
[BlackElo "2196"]
[PlyCount "62"]
[EventDate "2012.07.21"]
[EventType "swiss"]
[EventRounds "9"]
[EventCountry "CAN"]
[SourceTitle "EXT 2022"]
[Source "ChessBase"]
[SourceDate "2021.10.06"]
[SourceVersion "1"]
[SourceVersionDate "2021.10.06"]
[SourceQuality "1"]

1. d4 Nf6 2. c4 c5 3. d5 e6 4. Nc3 exd5 5. cxd5 d6 6. e4 g6 7. Nf3 Bg7 8. Be2 0-0 9. Nd2 Re8 10. 0-0 Nbd7 11. Qc2 Ne5 12. h3 g5 13. Nc4 h6 14. Ne3 Ng6 15. Bg4 b5 16. Bxc8 Rxc8 17. Nxb5 Nxe4 18. Nxa7 Ra8 19. Nc6 Qd7 20. Nc4 Qf5 21. Ne3 Qd7 22. Nc4 Nf6 23. Nb6 Qb7 24. Nxa8 Nxd5 25. Na5 Qxa8 26. Nc4 Nh4 27. f4 Bd4+ 28. Kh1 Nb4 29. Qd2 Qa6 30. fxg5 Qxc4 31. Qf4 Re4 0-1

[Event "Quebec op"]
[Site "Montreal"]
[Date "2012.07.24"]
[Round "5"]
[White "Libersan, Thierry"]
[Black "Rondon, Luciano"]
[Result "0-1"]
[WhiteElo "2153"]
[BlackElo "1844"]
[PlyCount "108"]
[EventDate "2012.07.21"]
[EventType "swiss"]
[EventRounds "9"]
[EventCountry "CAN"]
[SourceTitle "EXT 2022"]
[Source "ChessBase"]
[SourceDate "2021.10.06"]
[SourceVersion "1"]
[SourceVersionDate "2021.10.06"]
[SourceQuality "1"]

1. e4 c5 2. Nf3 e6 3. d4 cxd4 4. Nxd4 Nf6 5. Nc3 d6 6. g4 h6 7. Rg1 Nc6 8. h4 h5 9. gxh5 Nxh5 10. Bg5 Qb6 11. Nb3 a6 12. Qd2 Qc7 13. 0-0-0 Be7 14. Be2 g6 15. Bxe7 Kxe7 16. f4 Bd7 17. f5 Rag8 18. fxg6 fxg6 19. Qg5+ Ke8 20. Bxh5 Rxh5 21. Qxh5 gxh5 22. Rxg8+ Ke7 23. Rg7+ Ke8 24. Rh7 Qb6 25. Rxh5 Ne5 26. Rh8+ Kf7 27. Rf1+ Kg7 28. Rhf8 Qe3+ 29. Kb1 Bb5 30. Nxb5 axb5 31. R8f4 b4 32. Nc1 Nc4 33. Rg4+ Kh6 34. Rfg1 Nd2+ 35. Ka1 Nf3 36. Rd1 b3 37. axb3 Nd2 38. Rg2 Nxe4 39. Rdg1 e5 40. Rg8 Qa7+ 41. Na2 Kh7 42. h5 Qf2 43. R8g2 Qf4 44. Rg7+ Kh8 45. R7g4 Qf2 46. h6 Nf6 47. R4g2 Qf4 48. Nc3 e4 49. Ne2 Qe5 50. Rg5 Qh2 51. Nd4 e3 52. Ne6 Qxc2 53. Rg6 e2 54. Nd8 e1Q+ 0-1

[Event "Montreal Mercredi 02"]
[Site "Montreal"]
[Date "2012.02.22"]
[Round "1"]
[White "Giroux, Robert"]
[Black "Rondon, Luciano"]
[Result "0-1"]
[WhiteElo "1807"]
[BlackElo "1792"]
[PlyCount "68"]
[EventDate "2012.02.22"]
[EventType "swiss"]
[EventRounds "5"]
[EventCountry "CAN"]
[SourceTitle "EXT 2022"]
[Source "ChessBase"]
[SourceDate "2021.10.06"]
[SourceVersion "1"]
[SourceVersionDate "2021.10.06"]
[SourceQuality "1"]

1. Nf3 Nf6 2. d4 d5 3. c4 e6 4. g3 Be7 5. Bg2 0-0 6. 0-0 dxc4 7. Qc2 a6 8. Qxc4 b5 9. Qc2 Bb7 10. Bd2 Nbd7 11. Ba5 Bd6 12. Nbd2 Rc8 13. e4 e5 14. dxe5 Bxe5 15. Rfe1 Qe7 16. Nxe5 Qxe5 17. Bc3 Qh5 18. Bxf6 Nxf6 19. f3 Rfe8 20. Rac1 c5 21. Nf1 Nd7 22. Ne3 Ne5 23. g4 Qg5 24. Nf5 Rcd8 25. Rcd1 Qf6 26. h4 c4 27. Rxd8 Rxd8 28. Rd1 Rxd1+ 29. Qxd1 Nd3 30. b3 g6 31. Nh6+ Kg7 32. g5 Qd4+ 33. Kh2 Qf2 34. bxc4 Ne1 0-1